000 01394nam a2200325Ia 4500
001 ebr10359173
003 CaPaEBR
006 m u
007 cr cn|||||||||
008 090223s2009 enkab sb 001 0 eng d
020 _z9781845118099 (hbk.)
020 _z184511809X (hbk.)
040 _aCaPaEBR
_cCaPaEBR
035 _a(OCoLC)608555211
050 1 4 _aD600
_b.G73 2009eb
100 1 _aGrattan, Robert F.,
_d1931-
245 1 4 _aThe origins of air war
_h[electronic resource] :
_bthe development of military air strategy in World War I /
_cRobert F. Grattan.
260 _aLondon :
_bTauris Academic Studies,
_c2009.
300 _axvi, 288 p. :
_bill., 1 map.
490 1 _aInternational library of war studies ;
_v13
504 _aIncludes bibliographical references and index.
533 _aElectronic reproduction.
_bPalo Alto, Calif. :
_cebrary,
_d2011.
_nAvailable via World Wide Web.
_nAccess may be limited to ebrary affiliated libraries.
650 0 _aAir warfare
_xHistory
_y20th century.
650 0 _aAirplanes, Military
_xHistory
_y20th century.
650 0 _aWorld War, 1914-1918
_xAerial operations.
655 7 _aElectronic books.
_2local
710 2 _aebrary, Inc.
830 0 _aInternational library of war studies ;
_v13.
856 4 0 _uhttp://site.ebrary.com/lib/rucke/Doc?id=10359173
_zAn electronic book accessible through the World Wide Web; click to view
999 _c208919
_d208919